[Event "9th Bangabandhu Blitz Women 2021"]
[Site "Dhaka"]
[Date "2021.04.03"]
[Round "1.1"]
[White "Parveen, Tanima"]
[Black "Afrin Jahan, Munia"]
[Result "1-0"]
[WhiteElo "1984"]
[BlackElo "1647"]
[Annotator "TA"]
[PlyCount "69"]
[EventDate "2021.04.02"]
[EventType "swiss"]
[EventCountry "BAN"]
[SourceTitle "playchess.com"]
[Source "ChessBase"]
[SourceQuality "1"]

{[%evp 9,69,54,54,55,89,57,69,72,79,54,58,69,95,72,90,97,89,61,81,62,64,29,50,0,49,0,5,0,0,0,0,0,30,26,43,22,22,0,18,23,24,23,57,47,47,42,47,35,141,129,343,344,657,638,708,708,658,627,902,785,1112,920]} 1. e4 e6 2. d4 d5 3. Nd2 c6 4. c3 Nf6 5. e5 Nfd7 6. Bd3 {B12: Caro-Kann: Advance Variation.} Be7 7. Ne2 O-O 8. O-O {White is slightly better.} c5 9. Nf3 Nc6 10. a3 c4 {[#]} 11. Bb1 $146 ({Predecessor:} 11. Bc2 b5 12. h4 a5 13. Ng5 g6 14. f4 Re8 15. h5 Bf8 16. Rf3 Bg7 17. Rh3 {1-0 (38) Golizadeh,A (2296)-Vaghar,M (2237) Teheran 2008}) 11... f5 12. exf6 Nxf6 13. Re1 Bd6 14. Ng3 Qc7 15. Qc2 h6 16. Qg6 Qf7 (16... Ne7 $5 {[%cal Re7g6]} 17. Qc2 Bd7 $14) 17. Ne5 (17. Qxf7+ {is more complex.} Rxf7 18. Bc2 Rf8 19. Bd2 b6 20. Rab1) 17... Bxe5 18. dxe5 Qxg6 19. Bxg6 Nd7 20. f4 Ne7 21. Bc2 Nc5 22. Be3 b6 23. Rad1 Bb7 24. Ne2 Nf5 25. Bf2 Rad8 26. g4 Ne7 27. Bh4 Rd7 28. Bg3 Rf7 (28... Nc6 $14) 29. Nd4 $36 {[%mdl 2048] White is on the roll.} g5 $2 {[#] This costs Black the game.} (29... g6 $16 30. f5 gxf5) 30. f5 $18 exf5 (30... Rf8 31. fxe6 (31. Nxe6 Nxe6 32. fxe6 Rdd8 $16) 31... Rdd8) 31. e6 {White is clearly winning.} Nxe6 32. Rxe6 f4 33. Bf2 Rd8 34. Rxh6 Re8 35. Re1 {Weighted Error Value: White=0.14/Black=0.40} 1-0

[Event "9th Bangabandhu Blitz Women 2021"]
[Site "Dhaka"]
[Date "2021.04.03"]
[Round "1.2"]
[White "Sabikun Nahar, Tonima"]
[Black "Sultana, Sharmin Shirin"]
[Result "0-1"]
[WhiteElo "1533"]
[BlackElo "2006"]
[Annotator "TA"]
[PlyCount "96"]
[EventDate "2021.04.02"]
[EventType "swiss"]
[EventCountry "BAN"]
[SourceTitle "playchess.com"]
[Source "ChessBase"]
[SourceQuality "1"]

{[%evp 26,95,-12,-14,0,-16,22,-36,0,0,62,0,0,0,0,0,0,0,25,0,52,0,50,5,44,0,18,0,0,0,12,0,40,42,31,0,35,27,90,71,69,0,332,327,320,326,510,190,419,50,78,0,236,12,594,26,99,0,311,0,112,0,236,0,162,18,16,-7,38,-226,-252,-29999]} 1. e4 {Ribli,Z} c5 2. Nf3 e6 3. d4 cxd4 4. Nxd4 a6 5. Nc3 Qc7 6. Bd3 b5 7. Be3 Bb7 8. O-O Nf6 9. a3 Nc6 10. f4 Nxd4 11. Bxd4 Bc5 12. Bxc5 Qxc5+ 13. Kh1 d6 14. Qe2 O-O {[#] B48: Sicilian: Taimanov: 5 Nc3 Qc7 6 Be3 a6 without Be2.} 15. Rad1 $146 ({Predecessor:} 15. e5 dxe5 16. fxe5 Nd7 17. Rae1 Rae8 18. Bxh7+ Kxh7 19. Qd3+ Kg8 20. Qxd7 Bc6 21. Qd2 Rd8 22. Qf2 {½-½ (39) Atakisi,U (2361)-Sax,G (2511) Kallithea 2002 CBM 092 [Ribli,Z]}) 15... Nd7 16. Qg4 (16. e5 $11) 16... Nf6 {Black is slightly better.} 17. Qg3 Nh5 (17... e5 $11) 18. Qg4 ({White should try} 18. Qh4 $14) 18... Nf6 $11 19. Qg3 d5 {[%cal Rd5e4]} 20. e5 Ne4 21. Qh4 g6 (21... f6 {with more complications.} 22. h3 f5 23. Bxe4 dxe4 24. Rd7 Bc6) 22. Ne2 Qc7 (22... a5 $11) 23. Ng3 (23. c3 $14) 23... Nxg3+ 24. Qxg3 Qe7 25. Qh3 Rac8 26. Kg1 Qc5+ 27. Kh1 Qe7 28. Qg3 b4 29. axb4 Qxb4 30. b3 Rc3 31. Qg5 Qb6 (31... Rc7 $11) 32. h4 Qd8 33. Qg3 (33. Ra1 $14) 33... h5 $2 {[%mdl 8192]} (33... a5 $11) 34. f5 $1 $18 {[%cal Rf5g6]} exf5 35. Rxf5 Kh8 {[#]} (35... Rc6 {was necessary.} 36. Rdf1 Bc8) 36. Rff1 $2 (36. Rdf1 $1 {aiming for Rxh5+.} Qd7 37. Rf6) 36... Qe7 $2 (36... Rc6 37. c4 Re6) 37. Qf4 $2 (37. Rf6 $18) 37... Kg7 38. Qd4 (38. Rf3 $16) 38... Rc7 $2 {[#]} (38... Qc5 $1 $11 39. Qf4 Qe7) 39. Rde1 $2 (39. Rf6 $1 $18 {Threatens to win with Rdf1.} Re8 40. Re1) 39... Kg8 $2 {[%mdl 8192]} (39... Qc5 $1 $11 40. Qf4 Qe7) 40. Qf4 $2 (40. Rf6 $18) 40... Kg7 (40... Bc8 $11 {remains equal.}) 41. Qd4 ({White should play} 41. Rf3 $16) 41... Qe6 $2 {[%mdl 8192]} (41... Kg8 $11 {and Black is okay.}) 42. Qf4 $2 (42. Rf6 $18 Qg4 43. Qf2) 42... Re8 (42... Qe7 $1 $11) 43. Qd4 (43. Kh2 $16) 43... a5 $2 (43... Rf8 $1 $11 {and Black has nothing to worry.}) 44. Qe3 $2 (44. Rf6 $18 Qg4 45. Qf2) 44... Qg4 {[#]} (44... Ba6 $11) 45. Qf2 ({Only move:} 45. Rf4 $1 $18 {[%cal Rf4g4]} d4 46. Qf2) 45... Re6 46. Re2 d4 47. Qe1 $2 {[%mdl 8192] [#]} (47. Kh2 $14) 47... Rxe5 $3 $19 {[%mdl 576] Deflection} 48. Rxe5 $2 (48. Rff2 $19 Qxh4+ 49. Kg1 Rxe2 50. Rxe2 Qxe1+ 51. Rxe1) 48... Qxg2# {Never resign too early!  Weighted Error Value: White=1.24/Black=0.96} 0-1

[Event "9th Bangabandhu Blitz Women 2021"]
[Site "Dhaka"]
[Date "2021.04.03"]
[Round "1.3"]
[White "Sultana, Zakia"]
[Black "Jannatul, Ferdousi"]
[Result "1-0"]
[WhiteElo "1786"]
[BlackElo "1553"]
[Annotator "NA RC"]
[PlyCount "103"]
[EventDate "2021.04.02"]
[EventType "swiss"]
[EventCountry "BAN"]
[SourceTitle "playchess.com"]
[Source "ChessBase"]
[SourceQuality "1"]
[TimeControl "1500+10"]

1. d4 {[%emt 0:25:10]} d5 {[%emt 0:25:10]} 2. Nf3 Bf5 {[%emt 0:00:10]} 3. Bf4 {[%emt 0:00:20]} e6 {[%emt 0:00:10]} 4. e3 {[%emt 0:00:10]} Nf6 {[%emt 0:00:10]} 5. Nbd2 {[%emt 0:00:10]} Bd6 {[%emt 0:00:10]} 6. Bg3 {[%emt 0:00:10]} c5 {[%emt 0:00:10]} 7. c3 {[%emt 0:00:10]} O-O {[%emt 0:00:10]} 8. Be2 {[%emt 0:00:10]} Nc6 {[%emt 0:00:10]} 9. Ne5 {[%emt 0:00:10]} Bxe5 {[%emt 0:00:10]} 10. dxe5 {[%emt 0:00:10]} Nd7 11. f4 {[%emt 0:00:10]} f6 {[%emt 0:00:20]} 12. exf6 {[%emt 0:00:10]} Nxf6 {[%emt 0:00:10]} 13. Qc1 {[%emt 0:00:10]} Ne4 {[%emt 0:00:10]} 14. Nxe4 {[%emt 0:00:10]} Bxe4 {[%emt 0:00:10]} 15. O-O {[%emt 0:00:10]} Qe7 {[%emt 0:00:10]} 16. Bf3 {[%emt 0:00:10]} Bxf3 {[%emt 0:00:10]} 17. Rxf3 {[%emt 0:00:10]} e5 {[%emt 0:00:10]} 18. Qd2 {[%emt 0:00:10]} Rad8 {[%emt 0:00:10]} 19. Raf1 {[%emt 0:00:10]} e4 {[%emt 0:00:10]} 20. R3f2 {[%emt 0:00:10]} d4 {[%emt 0:00:10]} 21. cxd4 {[%emt 0:00:10]} cxd4 {[%emt 0:00:10]} 22. Re1 {[%emt 0:00:10]} dxe3 {[%emt 0:00:10]} 23. Qxe3 {[%emt 0:00:10]} Rfe8 {[%emt 0:00:10]} 24. a3 {[%emt 0:00:10]} Rd3 {[%emt 0:00:10]} 25. Qe2 {[%emt 0:00:10]} e3 {[%emt 0:00:10]} 26. Qxd3 {[%emt 0:00:10]} exf2+ {[%emt 0:00:10]} 27. Bxf2 {[%emt 0:00:10]} Qf7 {[%emt 0:00:10]} 28. Rxe8+ Qxe8 29. Qd5+ {[%emt 0:00:20]} Kh8 {[%emt 0:00:20]} 30. g3 {[%emt 0:00:10]} h6 {[%emt 0:00:10]} 31. b4 {[%emt 0:00:10]} Qe2 {[%emt 0:00:10]} 32. b5 {[%emt 0:00:10]} Na5 {[%emt 0:00:10]} 33. Qd8+ {[%emt 0:00:10]} Kh7 {[%emt 0:00:10]} 34. Qxa5 {[%emt 0:00:10]} Qd1+ {[%emt 0:00:10]} 35. Kg2 {[%emt 0:00:10]} Qd5+ 36. Kg1 {[%emt 0:00:10]} Qd1+ {[%emt 0:00:20]} 37. Qe1 {[%emt 0:00:10]} Qb3 {[%emt 0:00:10]} 38. Qe4+ {[%emt 0:00:10]} Kh8 {[%emt 0:00:10]} 39. a4 {[%emt 0:00:10]} Qd1+ {[%emt 0:00:10]} 40. Kg2 {[%emt 0:00:10]} Qd2 {[%emt 0:00:10]} 41. h4 {[%emt 0:00:10]} Qb2 {[%emt 0:00:10]} 42. Qxb7 {[%emt 0:00:10]} Qa3 {[%emt 0:00:10]} 43. Qb8+ {[%emt 0:00:10]} Kh7 {[%emt 0:00:10]} 44. Qxa7 {[%emt 0:00:10]} Qa2 {[%emt 0:00:10]} 45. Qd4 {[%emt 0:00:10]} Qc2 {[%emt 0:00:10]} 46. b6 {[%emt 0:00:10]} Qc6+ {[%emt 0:00:10]} 47. Kh2 {[%emt 0:00:10]} Qc2 {[%emt 0:00:10]} 48. b7 {[%emt 0:00:10]} Qb3 {[%emt 0:00:10]} 49. Qe4+ {[%emt 0:00:10]} Kh8 {[%emt 0:00:10]} 50. Kg2 {[%emt 0:00:10]} Qb2 {[%emt 0:00:10]} 51. a5 {[%emt 0:00:10]} Qb5 {[%emt 0:00:10]} 52. a6 {[%emt 0:00:10]} 1-0

[Event "9th Bangabandhu Blitz Women 2021"]
[Site "Dhaka"]
[Date "2021.04.03"]
[Round "1.4"]
[White "Noshin, Anjum"]
[Black "Hamid, Rani"]
[Result "1-0"]
[WhiteElo "1912"]
[BlackElo "1920"]
[Annotator "TA"]
[PlyCount "54"]
[EventDate "2021.04.02"]
[EventType "swiss"]
[EventCountry "BAN"]
[SourceTitle "playchess.com"]
[Source "ChessBase"]
[SourceQuality "1"]

{[%evp 20,54,8,0,6,0,0,0,0,-10,43,0,31,16,32,0,12,-54,0,-32,-41,-77,0,-95,-96,-216,-190,-225,-210,-267,-160,-181,-150,-147,-160,-158,-140]} 1. e4 c5 2. Nf3 e6 3. b3 Nc6 4. Bb2 d6 5. d4 cxd4 6. Nxd4 Nf6 7. Nc3 Be7 8. Be2 O-O 9. O-O a6 10. Kh1 Qc7 11. f4 Bd7 {B83: Sicilian Scheveningen: 6 Be2, lines without ...a6.} 12. Nf3 Rfd8 {[#]} 13. Qe1 $146 ({Predecessor:} 13. a3 b5 14. Qd2 Bc8 15. Bd3 Bb7 16. Ne2 Rac8 17. Rae1 Qb6 18. Ned4 Nd7 19. b4 {½-½ (39) Mueller-Seidel Sachsen 1996}) 13... Nb4 {The position is equal.} 14. Bd3 d5 (14... Rac8 $11) 15. e5 Nxd3 16. cxd3 Ng4 17. Qg3 Nh6 18. Rac1 ({White should play} 18. Nd4 $11) 18... Nf5 (18... Qb6 $15) 19. Qh3 {[#] Strongly threatening g4.} Qb6 20. Rfe1 h6 (20... Bb4 $17 21. d4 Rac8) 21. Re2 (21. g4 $11 Nh4 22. Nxh4) 21... Rac8 $17 22. Rec2 (22. g4 $17 {was called for.} Nd4 23. Nxd4 Qxd4 24. Qf3) 22... Qe3 {aiming for ...d4.} 23. Rd1 Qxf4 24. Ne2 {[#] Hoping for Rxc8.} Qb4 ({Weaker is} 24... Rxc2 25. Nxf4 Rxb2 26. Re1 $17) ({Better is} 24... Qxf3 $3 $19 {[%mdl 512]} 25. Qxf3 Rxc2) 25. Bc3 {Black is clearly better.} Qb6 {And now ...Ne3 would win.} 26. Nfd4 Nxd4 27. Bxd4 Qb5 {[%mdl 32768] Weighted Error Value: White=0.38/Black=0.25. Loss on time!?} 1-0

[Event "9th Bangabandhu Blitz Women 2021"]
[Site "Dhaka"]
[Date "2021.04.03"]
[Round "2.1"]
[White "Ahmed, Walijah"]
[Black "Parveen, Tanima"]
[Result "0-1"]
[WhiteElo "1902"]
[BlackElo "1984"]
[Annotator "TA"]
[PlyCount "78"]
[EventDate "2021.04.02"]
[EventType "swiss"]
[EventCountry "BAN"]
[SourceTitle "playchess.com"]
[Source "ChessBase"]
[SourceQuality "1"]

{[%evp 19,78,37,41,41,39,37,85,72,117,111,260,60,104,8,70,0,74,52,72,31,59,-12,-5,-13,-7,-5,0,-49,1,-40,-55,-39,0,-7,52,-49,0,0,18,23,27,22,22,29,422,420,420,-1205,-1300,-1275,-1275,-1360,-1166,-2630,-2323,-2323,-1898,-6279,-5552,-6295,-2097]} 1. e4 e5 2. Nf3 Nc6 3. Bb5 a6 4. Ba4 Nf6 5. O-O b5 6. Bb3 Be7 7. Re1 d6 8. c3 O-O 9. d4 exd4 10. cxd4 Bg4 11. Nc3 {C91: Closed Ruy Lopez: 7...d6 8 c3 0-0 9 d4.} Bxf3 12. gxf3 b4 13. Nd5 {White is better.} Nxd5 14. Bxd5 {[#]} Qd7 $146 (14... Qe8 $16 15. Be3 Rc8) ({Predecessor:} 14... Qe8 15. Be3 Rb8 16. Rc1 Nd8 17. Rxc7 Ne6 18. Bc6 Qd8 19. Rd7 Qe8 20. d5 Nd8 21. Rxd6 Nxc6 22. Rxc6 {1-0 (27) Moreiro Sanchez,S-Gonzalez Fuertes,J Spain 1991}) 15. Be3 $2 (15. Qa4 $18 Ne5 16. Qxd7 Nxd7 17. Bxa8 Rxa8 18. Be3) 15... Rab8 16. Kh1 (16. Qa4 $16 Ne5 17. Qxd7 Nxd7 18. Bc6) 16... Bf6 (16... Na5 $1 $11) 17. Rc1 (17. Bc4 $14) 17... Ne7 (17... Na5 $1 $11 {keeps the balance.}) 18. Bc4 a5 19. b3 c6 20. f4 (20. Bf1 $14) 20... d5 $1 $11 {[%cal Rd5c4]} 21. e5 dxc4 22. exf6 Qd5+ 23. Kg1 Ng6 (23... gxf6 $5 {[%cal Rc4c3]} 24. bxc4 Qf5 $11) 24. bxc4 (24. Qg4 {looks sharper.} cxb3 25. axb3 Rb5 26. fxg7 Rd8 27. f5) 24... Qf5 {Hoping for ...Nh4.} 25. fxg7 Kxg7 (25... Rfe8 {keeps more tension.} 26. Qf3 Nh4 27. Qg3 Qh5 28. Red1 Nf5) 26. Qf3 Rg8 (26... Kh8 $11 27. Qxc6 Nh4) 27. Kf1 ({White should try} 27. Kh1 $14) 27... Kh8 {[%mdl 1024] [#] Strongly threatening ...Nh4. Black has compensation.} 28. d5 $1 {Threatens to win with Bd4+.} ({Much weaker is} 28. Qxc6 Rbe8 $17) 28... Nh4 29. Bd4+ f6 30. Qe4 {And now Qxf5 would win.} Qh3+ 31. Ke2 Rge8 $4 {[%mdl 8192]} (31... Rgf8 $1 $11 {and Black stays safe.}) 32. Bxf6+ $18 Kg8 33. Kd2 $4 {[%mdl 8192]} Rxe4 $19 {Black is clearly winning.} 34. Rxe4 {[#]} Qf3 $1 35. Rg1+ (35. Rce1 cxd5) 35... Ng6 36. Re3 Qxf2+ {[%mdl 64] Double Attack} 37. Re2 Qxg1 38. dxc6 Qc5 39. c7 Qd6+ {Weighted Error Value: White=1.06/Black=0.63} 0-1

[Event "9th Bangabandhu Blitz Women 2021"]
[Site "Dhaka"]
[Date "2021.04.03"]
[Round "2.2"]
[White "Sultana, Sharmin Shirin"]
[Black "Noshin, Anjum"]
[Result "1-0"]
[WhiteElo "2006"]
[BlackElo "1912"]
[Annotator "TA"]
[PlyCount "104"]
[EventDate "2021.04.02"]
[EventType "swiss"]
[EventCountry "BAN"]
[SourceTitle "playchess.com"]
[Source "ChessBase"]
[SourceQuality "1"]

{[%evp 9,104,8,14,-14,-7,-27,-1,-24,-12,-16,1,-22,54,30,70,69,157,154,166,160,174,165,214,212,207,190,258,258,269,209,332,260,353,239,306,227,241,258,309,304,306,291,252,212,220,218,226,223,245,138,192,55,50,46,60,53,147,8,171,170,1161,1154,1154,1083,2075,1782,5268,2594,29975,29977,29978,29979,29979,29980,29980,29981,29981,29982,29984,29983,29983,29984,29984,29985,29985,29985,29985,29986,29987,29988,29988,29988,29988,29988,29988,29989,29988]} 1. d4 d5 2. Nf3 Nf6 3. Bf4 e6 4. e3 Bd6 5. Bg5 Nbd7 6. Bd3 {D02: 1 d4 d5 2 Nf3 sidelines, including 2...Nf6 3 g3 and 2...Nf6 3 Bf4.} c5 7. c3 h6 8. Bh4 {The position is equal.} Qb6 {[#]} 9. Qc2 $146 ({Predecessor:} 9. Qb3 Qa5 10. Qb5 Qc7 11. Bxf6 gxf6 12. c4 a6 13. Qb3 cxd4 14. exd4 dxc4 15. Qxc4 Qxc4 16. Bxc4 b5 17. Be2 Bb7 18. Nbd2 Rc8 19. O-O Rc2 20. b3 Bxf3 {0-1 (20) Nin Serres,P (1877)-Muratet Carmona,J (1942) Barcelona 2015}) 9... c4 10. Be2 Ne4 (10... Qc7 $11) 11. Nbd2 g5 {White must now prevent ...Nxd2.} 12. Bg3 Ndf6 ({Black should play} 12... Nxg3 $14 13. hxg3 g4) 13. Bxd6 $1 $16 Qxd6 14. Nxe4 Nxe4 {[#]} 15. Bxc4 $1 {[%mdl 512]} f5 (15... Nxc3 16. bxc3) 16. Bd3 Bd7 17. Ne5 a6 (17... Nf6 $142 18. h3 h5) 18. f3 $18 Nf6 19. O-O-O Rc8 (19... Bb5 $142 20. Bxb5+ axb5) 20. Kb1 b5 21. Qb3 Bc6 22. Rhe1 Nd7 23. Nxc6 Qxc6 24. e4 {Hoping for exd5.} O-O 25. exf5 exf5 26. g4 fxg4 27. fxg4 Rce8 28. Bf5 Nb6 29. Qc2 (29. Qa3 $18) 29... Kg7 (29... Nc4 $16 {was worth a try.}) 30. Re5 (30. Qf2 $18) 30... Nc4 $14 31. Rxe8 Rxe8 32. Qf2 Qf6 {[#]} (32... Ne3 $14 33. Rg1 b4) 33. Rf1 ({White should try} 33. Re1 $1 $16 {[%cal Re1e8]} Re7 34. h3) 33... Qe7 {Loses the game.} (33... Ne3 $1 $11 {and Black has nothing to worry.}) 34. Bd3 $36 {[%mdl 2048] Black is under strong pressure.} Rf8 $2 {[#]} (34... Nd6 35. Qf3 Nc4) 35. Qxf8+ $1 Qxf8 36. Rxf8 Kxf8 37. Bxc4 bxc4 {[%mdl 4096] Endgame KP-KP} 38. b3 cxb3 39. axb3 {White mates.} Ke7 40. Kb2 Kd6 41. Ka3 Kc6 42. Ka4 Kb6 43. c4 Kc6 44. Ka5 dxc4 45. bxc4 Kb7 46. d5 Kc7 47. Kxa6 Kd6 48. Kb6 Kd7 49. c5 {[%cal Bc4c5,Bc5c6,Bc6c7][%mdl 32]} Kd8 50. Kb7 Kd7 51. c6+ Kd6 52. c7 Kxd5 {Weighted Error Value: White=0.28/Black=0.46} 1-0

[Event "9th Bangabandhu Blitz Women 2021"]
[Site "Dhaka"]
[Date "2021.04.03"]
[Round "2.3"]
[White "Wadifa, Ahmed"]
[Black "Sultana, Zakia"]
[Result "1/2-1/2"]
[WhiteElo "1595"]
[BlackElo "1786"]
[Annotator "NA RC"]
[PlyCount "87"]
[EventDate "2021.04.02"]
[EventType "swiss"]
[EventCountry "BAN"]
[SourceTitle "playchess.com"]
[Source "ChessBase"]
[SourceQuality "1"]
[TimeControl "1500+10"]

1. e4 {[%emt 0:25:10]} e6 2. d4 {[%emt 0:00:10]} d5 3. Nc3 {[%emt 0:00:10]} Nf6 {[%emt 0:25:30]} 4. exd5 {[%emt 0:00:10]} exd5 5. Bd3 {[%emt 0:00:10]} Be7 {[%emt 0:00:20]} 6. Nge2 {[%emt 0:00:10]} c6 {[%emt 0:00:10]} 7. O-O {[%emt 0:00:10]} O-O {[%emt 0:00:10]} 8. Bf4 {[%emt 0:00:10]} Bg4 {[%emt 0:00:10]} 9. h3 {[%emt 0:00:10]} Bh5 {[%emt 0:00:10]} 10. Bg3 {[%emt 0:00:10]} Bg6 {[%emt 0:00:10]} 11. Nf4 {[%emt 0:00:10]} Bxd3 {[%emt 0:00:10]} 12. Nxd3 {[%emt 0:00:10]} Nbd7 {[%emt 0:00:10]} 13. Re1 {[%emt 0:00:10]} Re8 14. Ne5 {[%emt 0:00:10]} Bf8 {[%emt 0:00:20]} 15. Bh2 {[%emt 0:00:10]} Nxe5 {[%emt 0:00:10]} 16. Rxe5 {[%emt 0:00:10]} Qd7 {[%emt 0:00:10]} 17. Qe2 {[%emt 0:00:10]} h6 {[%emt 0:00:10]} 18. Re1 {[%emt 0:00:10]} Rxe5 {[%emt 0:00:10]} 19. Bxe5 {[%emt 0:00:10]} Qf5 {[%emt 0:00:10]} 20. Nd1 {[%emt 0:00:10]} Re8 {[%emt 0:00:10]} 21. Ne3 {[%emt 0:00:10]} Qg6 {[%emt 0:00:10]} 22. Bxf6 {[%emt 0:00:10]} gxf6 {[%emt 0:00:10]} 23. Qd2 {[%emt 0:00:10]} Bd6 {[%emt 0:00:10]} 24. c3 {[%emt 0:00:10]} Bf4 {[%emt 0:00:10]} 25. g3 {[%emt 0:00:10]} Bxe3 {[%emt 0:00:10]} 26. Rxe3 {[%emt 0:00:10]} Rxe3 {[%emt 0:00:10]} 27. Qxe3 {[%emt 0:00:10]} Qb1+ {[%emt 0:00:10]} 28. Kg2 {[%emt 0:00:10]} Qxb2 {[%emt 0:00:10]} 29. Qxh6 {[%emt 0:00:10]} Qxc3 {[%emt 0:00:10]} 30. Qxf6 {[%emt 0:00:10]} Qb4 {[%emt 0:00:10]} 31. Qg5+ {[%emt 0:00:10]} Kf8 {[%emt 0:00:10]} 32. Qh6+ {[%emt 0:00:10]} Ke7 {[%emt 0:00:10]} 33. Qe3+ {[%emt 0:00:10]} Kf8 {[%emt 0:00:10]} 34. Qh6+ {[%emt 0:00:10]} Kg8 {[%emt 0:00:10]} 35. Qg5+ Kf8 {[%emt 0:00:10]} 36. Qh6+ Ke7 {[%emt 0:00:10]} 37. Qe3+ Kd7 {[%emt 0:00:10]} 38. Qf4 {[%emt 0:00:40]} Qe7 {[%emt 0:00:10]} 39. Qb8 {[%emt 0:00:10]} Qe4+ {[%emt 0:00:10]} 40. Kg1 {[%emt 0:00:10]} Qe1+ {[%emt 0:00:10]} 41. Kg2 {[%emt 0:00:10]} Qe4+ {[%emt 0:00:10]} 42. Kg1 Qe1+ {[%emt 0:00:10]} 43. Kg2 {[%emt 0:00:20]} Qe4+ {[%emt 0:00:10]} 44. Kg1 {[%emt 0:00:10]} 1/2-1/2

[Event "9th Bangabandhu Blitz Women 2021"]
[Site "Dhaka"]
[Date "2021.04.03"]
[Round "2.4"]
[White "Taspia, Tahsin Prima"]
[Black "Nusrat Jahan, Alo"]
[Result "1-0"]
[WhiteElo "1328"]
[BlackElo "1712"]
[Annotator "NA RC"]
[PlyCount "109"]
[EventDate "2021.04.02"]
[EventType "swiss"]
[EventCountry "BAN"]
[SourceTitle "playchess.com"]
[Source "ChessBase"]
[SourceQuality "1"]
[TimeControl "1500+10"]

1. e4 {[%emt 0:25:10]} e6 {[%emt 0:25:10]} 2. d4 d5 3. Nc3 {[%emt 0:00:20]} Bb4 {[%emt 0:00:20]} 4. e5 {[%emt 0:00:10]} Bxc3+ {[%emt 0:00:10]} 5. bxc3 {[%emt 0:00:10]} Ne7 {[%emt 0:00:10]} 6. Nf3 {[%emt 0:00:10]} O-O {[%emt 0:00:10]} 7. Bd3 {[%emt 0:00:10]} Nbc6 {[%emt 0:00:10]} 8. O-O {[%emt 0:00:10]} a6 {[%emt 0:00:10]} 9. Be3 {[%emt 0:00:10]} Qd7 {[%emt 0:00:10]} 10. c4 {[%emt 0:00:10]} Nd8 {[%emt 0:00:10]} 11. cxd5 {[%emt 0:00:10]} exd5 {[%emt 0:00:10]} 12. c3 {[%emt 0:00:10]} c6 {[%emt 0:00:10]} 13. Qc2 h6 {[%emt 0:00:10]} 14. h3 {[%emt 0:00:20]} Ne6 15. Rab1 Qc7 {[%emt 0:00:20]} 16. Nh2 {[%emt 0:00:20]} f6 {[%emt 0:00:10]} 17. f4 {[%emt 0:00:10]} fxe5 {[%emt 0:00:10]} 18. fxe5 {[%emt 0:00:10]} Bd7 {[%emt 0:00:10]} 19. Nf3 {[%emt 0:00:10]} Nf4 {[%emt 0:00:10]} 20. Bh7+ {[%emt 0:00:10]} Kh8 {[%emt 0:00:10]} 21. Bxf4 {[%emt 0:00:10]} Rxf4 {[%emt 0:00:10]} 22. Bd3 {[%emt 0:00:10]} Raf8 {[%emt 0:00:10]} 23. Qe2 {[%emt 0:00:10]} Nf5 {[%emt 0:00:10]} 24. Bxf5 {[%emt 0:00:10]} Bxf5 25. Rbe1 {[%emt 0:00:10]} Be4 {[%emt 0:00:20]} 26. Nd2 {[%emt 0:00:10]} Bg6 {[%emt 0:00:10]} 27. Rxf4 {[%emt 0:00:10]} Rxf4 28. Rf1 Qf7 {[%emt 0:00:20]} 29. e6 {[%emt 0:00:20]} Rxf1+ {[%emt 0:00:10]} 30. Nxf1 {[%emt 0:00:10]} Qe7 {[%emt 0:00:10]} 31. Ng3 {[%emt 0:00:10]} b6 {[%emt 0:00:10]} 32. Qe5 {[%emt 0:00:10]} b5 {[%emt 0:00:10]} 33. Nf5 Bxf5 34. Qxf5 Kg8 {[%emt 0:00:20]} 35. Kf2 {[%emt 0:00:30]} Qf6 {[%emt 0:00:10]} 36. Qxf6 {[%emt 0:00:10]} gxf6 37. Ke3 {[%emt 0:00:10]} Kf8 {[%emt 0:00:20]} 38. Kf4 Ke7 {[%emt 0:00:10]} 39. Kf5 a5 {[%emt 0:00:10]} 40. g4 {[%emt 0:00:30]} b4 {[%emt 0:00:10]} 41. cxb4 {[%emt 0:00:10]} axb4 42. h4 {[%emt 0:00:10]} c5 {[%emt 0:00:20]} 43. dxc5 {[%emt 0:00:10]} d4 {[%emt 0:00:10]} 44. Ke4 {[%emt 0:00:10]} d3 {[%emt 0:00:10]} 45. Kxd3 {[%emt 0:00:10]} Kxe6 {[%emt 0:00:10]} 46. Kc4 Kd7 {[%emt 0:00:10]} 47. Kxb4 {[%emt 0:00:20]} Kc6 48. a4 {[%emt 0:00:10]} Kc7 {[%emt 0:00:20]} 49. a5 {[%emt 0:00:10]} Kb7 50. Kb5 Kc7 {[%emt 0:00:20]} 51. a6 {[%emt 0:00:20]} Kb8 52. Kb6 Ka8 53. c6 {[%emt 0:00:20]} h5 {[%emt 0:00:30]} 54. c7 {[%emt 0:00:10]} hxg4 {[%emt 0:00:10]} 55. c8=Q# {[%emt 0:00:10]} 1-0

[Event "9th Bangabandhu Blitz Women 2021"]
[Site "Dhaka"]
[Date "2021.04.03"]
[Round "3.1"]
[White "Parveen, Tanima"]
[Black "Sultana, Sharmin Shirin"]
[Result "1/2-1/2"]
[WhiteElo "1984"]
[BlackElo "2006"]
[Annotator "TA"]
[PlyCount "44"]
[EventDate "2021.04.02"]
[EventType "swiss"]
[EventCountry "BAN"]
[SourceTitle "playchess.com"]
[Source "ChessBase"]
[SourceQuality "1"]

{[%evp 19,44,-10,33,25,31,-16,-17,-8,0,0,18,13,25,-45,79,63,121,59,88,80,85,0,36,0,69,0,26]} 1. e4 c5 2. c3 d5 3. exd5 Qxd5 4. d4 Nf6 5. Nf3 Bg4 6. Be2 e6 7. O-O Be7 8. Be3 cxd4 9. cxd4 O-O 10. Nc3 Qd8 11. Qb3 {B22: Sicilian: 2 c3.} Nc6 12. Rfd1 Na5 13. Qa4 Nd5 {[#]} 14. Nxd5 $146 ({Predecessor:} 14. Rac1 a6 15. Nxd5 exd5 16. Bf4 b5 17. Qc2 Rc8 18. Qb1 Nc4 19. b3 Nd6 20. Rxc8 Qxc8 {0-1 (47) Shytaj,C (2070)-Scivales,D Nereto 2002}) 14... Qxd5 15. h3 Bh5 16. b4 (16. g4 $11 Bg6 17. Ne5) 16... Nc6 (16... Nc4 $15 {stays ahead.} 17. Qb3 Rac8) 17. b5 $36 {[%mdl 2048] White has good play.} Nd8 (17... Nb8 $14) 18. Bc4 (18. g4 $16) 18... Qf5 19. Bd3 Qd5 20. Bc4 Qf5 21. Bd3 (21. Ne5 $5 {[%cal Rg2g4]} Bxd1 22. Rxd1 $11) 21... Qd5 22. Bc4 Qf5 {Weighted Error Value: White=0.42/Black=0.34} 1/2-1/2